000 00744nam a22001695i 4500
001 169281
003 ES-MaACL
005 20250809063535.0
008 080828s1996 sp |||| | spa d
100 1 _aVilar, Juan Bautista,
_d1941-2018
_9114797
245 1 3 _aEl rescate en Argel en 1810 de setenta y cinco obras de arte procedentes del saqueo de Málaga y reino de Granada por el general Sebastiani /
_cJuan Bautista Vilar.
260 _aMálaga :
_bUniversidad de Málaga, Departamento de Historia del Arte,
_c1996.
300 _aP. 57-73 ;
_c23 cm.
595 _aSeparata de: Boletín de Arte nº 17, 1996.
852 _aES-MaACL
_j2233-F-3
_9R.143870
_z.- An. ms. : Ded. del autor al Ateneo de Madrid
999 _c169281
_d169281